000 00604nam a2200193Ia 4500
005 20250508165414.0
008 008 250505s9999 xx 000 0 hin d
037 _aDissertations
040 _aFEDL
_beng
_cFEDL
041 _ahin
_2eng
084 _a371.26, RAH/DI
_qFEDL
100 _aRahul Kumar
245 0 _aStat evam vyapak mulyankan ki avdharna evam uske vyavharik pakshon ke antersambandhon ki vivechna
260 _c2014
300 _a116p.
546 _aM.Ed. Dissertation, (Delhi University); C D Included
942 _cDIS
_h371.26, RAH/DI
999 _c1394929
_d1394929